Water supply systems security

Đã lưu trong:
書目詳細資料
主要作者: Mays, Larry W.
格式: 圖書
語言:Undetermined
出版: New York McGraw-Hill 2004
主題:
標簽: 添加標簽
沒有標簽, 成為第一個標記此記錄!
Thư viện lưu trữ: Trung tâm Học liệu Trường Đại học Cần Thơ
LEADER 00571nam a2200205Ia 4500
001 CTU_88878
008 210402s9999 xx 000 0 und d
020 |c 1995000 
082 |a 363.610289 
082 |b M474 
100 |a Mays, Larry W. 
245 0 |a Water supply systems security 
245 0 |c Larry W. Mays 
260 |a New York 
260 |b McGraw-Hill 
260 |c 2004 
650 |a Waterworks,Water-supply,Terrorism 
650 |x Security measures,Security measures,Prevention 
904 |i Truc 
980 |a Trung tâm Học liệu Trường Đại học Cần Thơ